000 01379cam a22004214i 4500
003 PE-LiUPU
005 20250731173146.0
008 150623s r 000 0 d
035 _a(Sirsi) a27993
040 _aPE-LiUPU
_bspa
_cPE-LiUPU
_erda
082 0 4 _a269.26
_bT42
_221
245 0 0 _aTestemunhando /
_cIrineu Rosales ed.
264 1 _aNova Odessa, SP :
_bCentro Adventista de Artes Gráficas,
_c2001.
300 _a101 páginas :
_bilustraciones, fotos ;
_c22 cm.
336 _atext
_2rdacontent
337 _aunmediated
_2rdamedia
338 _avolume
_2rdacarrier
505 0 _aTestemunhando.
526 _aSEG42
526 _aSEG41
526 _aSEG40
526 _aSEG39
526 _aP94
526 _aP87
526 _aP86
526 _aP85
526 _aP77
526 _aP76
526 _aP35
650 0 4 _aRadio Novo Tempo
_xReferencias.
650 0 4 _aTestimonio radial.
700 1 _aRosales, Irineu ed.
942 _2ddc
_cBOOK
949 _a269.26 T42
_wDEWEY
_c1
_i53226
_lCCODEBUL1
_mBUL
_p5.00
_r0
_sY
_tBOOK
_u2015-06-24
_xBIBLIOTECA
_zUNKNOWN
_0COMPRA
_o.STAFF. Colección General
596 _a1
999 _a269.26 T42
_wDEWEY
_c35191
_i53226
_f2021-11-10
_g5
_lCCODEBUL1
_mBUL
_p5.00
_r0
_sY
_tBOOK
_u2015-6-24
_xTEOLOGIA
_zUNKNOWN
_0COMPRA
_o.STAFF. Colección General
_d35191
980 _81
_gALBERTO SANCHEZ Responsable de Automatización